01152cam a2200277 i 4500020001800000020001500018041000800033082001700041100002300058245006000081260002300141300002200164500011800186650001200304650001100316650003700327650005300364650003800417650005400455650001100509942000700520952011000527952011000637952011000747999001700857 a9788184656015 a8184656017 aENG04a954.840bMAL1 aMaliekal, Jose D.,10aStandstill utopias? : Dalits encountering Christianity aDelhibISPCKc2017 axlvi, 364 pages ; aOriginally presented as the author's thesis (Ph.D.)--Department of Christian Studies, Univeristy of Madras, 2002. 0aMadigas 0aDalits 0aChristian converts from Hinduism 0aChurch work with people with social disabilities 7aChristian converts from Hinduism. 7aChurch work with people with social disabilities. 7aDalits cBK 00104070aHMIbHMIcGENd2020-06-08eISPCKg400.00l0o954.840 MALp11-4353r2020-06-08w2020-06-08yBK 00104070aHMIbHMIcGENd2020-06-08eISPCKg400.00l0o954.840 MALp11-4351r2020-06-08w2020-06-08yBK 00104070aHMIbHMIcGENd2020-06-08eISPCKg400.00l0o954.840 MALp11-4352r2020-06-08w2020-06-08yBK c22937d22937